[Event "Do it quickly! #5"]
[Site "SchemingMind.com"]
[Date "2013.07.30"]
[Round "-"]
[White "Michal Drus"]
[Black "ray winteringham"]
[Result "0-1"]
[WhiteCountry "POL"]
[BlackCountry "ENG"]
[WhiteElo "1746"]
[WhiteRD "71"]
[BlackElo "1575"]
[BlackRD "50"]
[GameID "335708"]

1. e4 e5 2. Nf3 Nc6 3. Bb5 f6 4. Nc3 Bc5 5. d4 Nxd4 6. Nxd4 Bxd4 7. Ne2 Bb6 8. f4 c6 9. Bc4 Qe7 10. Ng3 Qb4+
11. Bd2 Qxc4 12. fxe5 Qc5 13. exf6 Qf2#
0-1

[Event "Do it quickly! #5"]
[Site "SchemingMind.com"]
[Date "2013.07.30"]
[Round "-"]
[White "alexyongpohweng"]
[Black "Michal Drus"]
[Result "1-0"]
[WhiteCountry "MAS"]
[BlackCountry "POL"]
[WhiteElo "1346"]
[WhiteRD "59"]
[BlackElo "1576"]
[BlackRD "72"]
[GameID "335770"]

1. e4 c5 2. Nf3 e6 3. g3 Nf6 4. e5 Nd5 5. Bg2 Nc6 6. O-O Be7 7. d3 O-O 8. c4 Qc7 9. cxd5 exd5 10. Bf4 d6
11. exd6 Bxd6 12. Bxd6 Qxd6 13. Nc3 Bg4 14. Nb5 Qf6 15. Nc7 Rac8 16. Nxd5 Qxb2 17. Qb3 Qe2 18. Nf4 Bxf3 19. Nxe2 Bxe2 20. Rfe1 Nd4
21. Qxb7 Rb8 22. Qxa7 Bf3 23. Qxc5 Rfd8 24. Rf1 Rbc8 25. Qe5 Ne2+ 26. Kh1 Re8 27. Qb2 Rb8 28. Qd2 Bxg2+ 29. Kxg2 Nd4 30. Qf4 Rb4
31. Qd2 Ra4 32. a3 Nb3 33. Qc2 Rb8 34. Ra2 Ra6 35. Rb1 Rab6 36. Rxb3 Rxb3 37. Qc4 R3b6 38. a4 h5 39. a5 Rb4 40. Qc7 g5
41. a6 h4 42. a7 Ra8 43. Re2 Ra4 44. Re7 h3+ 45. Kxh3
1-0

[Event "Do it quickly! #5"]
[Site "SchemingMind.com"]
[Date "2013.07.30"]
[Round "-"]
[White "alexyongpohweng"]
[Black "ray winteringham"]
[Result "0-1"]
[WhiteCountry "MAS"]
[BlackCountry "ENG"]
[WhiteElo "1089"]
[WhiteRD "113"]
[BlackElo "1575"]
[BlackRD "50"]
[GameID "335771"]

1. e4 e5 2. Qh5 Nc6 3. Bc4 g6 4. Qf3 Qf6 5. Qxf6 Nxf6 6. Nc3 Bg7 7. Nf3 Nd4 8. Nxd4 exd4 9. Nb5 O-O 10. Nxc7 Rb8
11. d3 Ne8 12. Nd5 Nd6 13. O-O b5 14. Ne7+ Kh8 15. Bb3 Bb7 16. a3 Bf6 17. Nd5 Bxd5 18. Bxd5 Nc8 19. c3 dxc3 20. bxc3 Bxc3
21. Rb1 a6 22. Rb3 Bg7 23. a4 Nd6 24. axb5 Nxb5 25. Bc4 Nd4 26. Rxb8 Rxb8 27. Bxa6 Rb1 28. f3 Ne2+ 29. Kf2 Nxc1 30. Bc4 Bd4+
31. Kg3 Ne2+ 32. Kg4 Rxf1
0-1

[Event "Do it quickly! #5"]
[Site "SchemingMind.com"]
[Date "2013.07.31"]
[Round "-"]
[White "Michal Drus"]
[Black "alexyongpohweng"]
[Result "0-1"]
[WhiteCountry "POL"]
[BlackCountry "MAS"]
[WhiteElo "1644"]
[WhiteRD "70"]
[BlackElo "1124"]
[BlackRD "81"]
[GameID "335772"]

1. e4 e5 2. Nf3 d6 3. d4 exd4 4. Nxd4 Nf6 5. Nc3 Be7 6. Nd5 Nxe4 7. Nf5 Bxf5 8. Qf3 Bg6 9. Bd3 Nf6 10. Bxg6 hxg6
11. Bg5 Nxd5 12. Bxe7 Qxe7+ 13. Qe2 Qxe2+ 14. Kxe2 Nc6 15. Rad1 Nf4+ 16. Kf3 Ne6 17. Rhe1 Rxh2 18. c3 O-O-O 19. Kg3 Rh5 20. f4 Rb5
21. Rd2 Rh5 22. b4 b6 23. b5 Na5 24. Kg4 Rxb5 25. Rf2 f5+ 26. Kf3 Re8 27. Rfe2 Kd7 28. g4 Re7 29. gxf5 gxf5 30. Kg3 Nb7
31. a4 Ra5 32. Ra1 Nbc5 33. Kh4 Rxa4 34. Rea2 Rxf4+ 35. Kh5 a5 36. Kg6 Nf8+ 37. Kg5 Nfe6+ 38. Kg6 Nf8+ 39. Kh5 g6+ 40. Kg5 Ree4
41. Rh2 Rg4+ 42. Kf6 Re6+ 43. Kf7 Ree4 44. Kxf8 Re8+ 45. Kf7 Ne6 46. Kf6 Rf8#
0-1

[Event "Do it quickly! #5"]
[Site "SchemingMind.com"]
[Date "2013.07.30"]
[Round "-"]
[White "ray winteringham"]
[Black "alexyongpohweng"]
[Result "1-0"]
[WhiteCountry "ENG"]
[BlackCountry "MAS"]
[WhiteElo "1575"]
[WhiteRD "50"]
[BlackElo "1089"]
[BlackRD "113"]
[GameID "335773"]

1. d4 d5 2. c4 dxc4 3. e4 b5 4. Be2 a6 5. Nf3 Bb7 6. d5 c6 7. O-O cxd5 8. exd5 Bxd5 9. Nc3 e6 10. Nxd5 exd5
11. Re1 Ne7 12. Bg5 h6 13. Bh4 Qd6 14. Bg3 Qb4 15. Rb1 Qc5 16. Kh1 Nd7 17. Nd4 O-O-O 18. Qd2 Kb7 19. Qa5 Rc8 20. Red1 Nc6
21. Nxc6 Qxc6 22. Rxd5 Qxd5 23. Bf3 Qxf3 24. gxf3 Nc5 25. Qc3 Na4 26. Qe3 Bc5 27. Qf4 f6 28. Qe4+ Kb6 29. Qc2 Rhe8 30. b3 cxb3
31. axb3 Bxf2 32. Qxf2+ Kb7 33. bxa4 a5 34. Rxb5+ Ka8 35. Rxa5+ Kb7 36. Rb5+ Kc6 37. Rc5+ Kb6 38. Rxc8+
1-0

[Event "Do it quickly! #5"]
[Site "SchemingMind.com"]
[Date "2013.08.02"]
[Round "-"]
[White "emvarela"]
[Black "alexyongpohweng"]
[Result "1-0"]
[WhiteCountry "ARG"]
[BlackCountry "MAS"]
[WhiteElo "1767"]
[WhiteRD "50"]
[BlackElo "1346"]
[BlackRD "59"]
[GameID "335901"]

1. e4 e5 2. Nf3 d6 3. d4 exd4 4. Nxd4 Nf6 5. Nc3 Be7 6. Bf4 O-O 7. Be2 c5 8. Nb3 a6 9. Qd3 b5 10. Nd2 c4
11. Qg3 g6 12. e5 dxe5 13. Bxe5 Nc6 14. Bxf6 Bxf6 15. Nde4 Bf5 16. Nxf6+ Qxf6 17. O-O-O b4 18. Nd5 Qg7 19. Bxc4 Ne5 20. Ne7+ Kh8
21. Nxf5 gxf5 22. Qxg7+ Kxg7 23. Rd5 f6 24. Bb3 a5 25. f4 Nf7 26. Rd7 a4 27. Bxf7 Rxf7 28. Rxf7+ Kxf7 29. Rd1 Kg7 30. Rd5 Kg6
31. g3 h6 32. Rb5 b3 33. axb3 axb3 34. Rxb3 Ra1+ 35. Kd2 Rh1 36. h4 Rh2+ 37. Kd3 Rg2 38. Kd4 Rxc2 39. Ke3 Rg2 40. Kf3 Rg1
41. Rb8 Rf1+ 42. Kg2 Rd1 43. b4 Rd2+ 44. Kh3 Rd7 45. b5 Rc7 46. b6 Re7 47. b7
1-0

[Event "Do it quickly! #5"]
[Site "SchemingMind.com"]
[Date "2013.08.01"]
[Round "-"]
[White "emvarela"]
[Black "Michal Drus"]
[Result "1-0"]
[WhiteCountry "ARG"]
[BlackCountry "POL"]
[WhiteElo "1760"]
[WhiteRD "50"]
[BlackElo "1586"]
[BlackRD "74"]
[GameID "335902"]

1. e4 c6 2. d4 d5 3. Nc3 dxe4 4. Nxe4 Nf6 5. Nxf6+ exf6 6. c3 Bd6 7. Bd3 Be6 8. Qc2 Bd5 9. f3 O-O 10. Ne2 g6
11. Bf4 Re8 12. Bxd6 Qxd6 13. O-O f5 14. c4 Be6 15. c5 Qc7 16. Rfe1 b6 17. b4 b5 18. a4 Nd7 19. axb5 Rab8 20. bxc6 Qxc6
21. Rxa7 Rxb4 22. Rea1 Rc8 23. R1a6 Qd5 24. Rd6 Qb3 25. Qxb3 Rxb3 26. Nf4 Rd8 27. Nxe6 Re8 28. Rdxd7 Rxd3 29. Rxf7 Rxe6 30. Rfd7 Rd1+
31. Kf2 Re8 32. Rg7+ Kh8 33. Rxh7+ Kg8 34. Rag7+ Kf8 35. Rxg6 Rd2+ 36. Kg3 Ree2 37. Rf6+ Kg8 38. Rd7 Rxg2+ 39. Kf4 Rg7 40. Rd8+
1-0

[Event "Do it quickly! #5"]
[Site "SchemingMind.com"]
[Date "2013.08.01"]
[Round "-"]
[White "emvarela"]
[Black "ray winteringham"]
[Result "1-0"]
[WhiteCountry "ARG"]
[BlackCountry "ENG"]
[WhiteElo "1741"]
[WhiteRD "47"]
[BlackElo "1537"]
[BlackRD "50"]
[GameID "335903"]

1. e4 e5 2. Nf3 Nf6 3. Nxe5 Be7 4. Nc3 d6 5. Nf3 a6 6. d4 O-O 7. Bg5 h6 8. Bxf6 Bxf6 9. Be2 b6 10. O-O Bb7
11. e5 dxe5 12. dxe5 Be7 13. Qxd8 Rxd8 14. Rad1 Nc6 15. Nd5 Bc5 16. Nxc7 Rac8 17. Rxd8+ Rxd8 18. Nxa6 Re8 19. Nxc5 bxc5 20. Bb5 Re6
21. Bxc6 Bxc6 22. Re1 Bxf3 23. gxf3 Kf8 24. f4 f5 25. Rd1 Ke7 26. Rd5 c4 27. a4 Ra6 28. b3 Ke6 29. Rc5 g5 30. fxg5 hxg5
31. Rxc4 Kxe5 32. Rc5+ Ke4 33. Kg2 g4 34. Rc4+ Ke5 35. Kg3
1-0

[Event "Do it quickly! #5"]
[Site "SchemingMind.com"]
[Date "2013.08.01"]
[Round "-"]
[White "alexyongpohweng"]
[Black "emvarela"]
[Result "0-1"]
[WhiteCountry "MAS"]
[BlackCountry "ARG"]
[WhiteElo "1309"]
[WhiteRD "50"]
[BlackElo "1760"]
[BlackRD "50"]
[GameID "335904"]

1. e4 e5 2. Qh5 Nc6 3. Bc4 g6 4. Qf3 Nf6 5. d3 Nd4 6. Qd1 Bc5 7. Nf3 d5 8. Bxd5 Nxf3+ 9. Qxf3 Nxd5 10. exd5 Bd7
11. O-O Qe7 12. c3 O-O-O 13. b4 Bb6 14. Na3 Bf5 15. c4 Qxb4 16. Rb1 Qe7 17. Nb5 a6 18. Nc3 Qd7 19. Ne4 Bxe4 20. dxe4 h6
21. Qh3 Qxh3 22. gxh3 f5 23. exf5 gxf5 24. Re1 Bd4 25. Bb2 Rhg8+ 26. Kf1 Bxb2 27. Rxb2 e4 28. f4 Rg6 29. Ree2 c6 30. dxc6 Rxc6
31. Kf2 Rxc4 32. Kg3 Rc3+ 33. Kh4 Rdd3 34. Kh5 Rxh3+ 35. Kg6 Rc5 36. Rbd2 Kc7 37. Kf6 e3 38. Rd3 Rf3 39. Rdxe3 Rxf4 40. Kg6 Rc6+
41. Kg7 Rg4+ 42. Kf7 Rgg6 43. Re7+ Kb8 44. Re8+ Ka7 45. Rd8 Rcf6+ 46. Ke7 f4 47. Rf2 f3 48. Rd3 Rf4 49. Rdxf3 Rxf3 50. Rxf3 Rg2
51. Rh3 Rxa2 52. Rxh6 b5 53. Rc6 Rxh2 54. Rc7+ Kb6 55. Kd7 Rh7+ 56. Kd6 Rxc7 57. Kd5 b4 58. Kd4 b3
0-1

[Event "Do it quickly! #5"]
[Site "SchemingMind.com"]
[Date "2013.08.01"]
[Round "-"]
[White "Michal Drus"]
[Black "emvarela"]
[Result "0-1"]
[WhiteCountry "POL"]
[BlackCountry "ARG"]
[WhiteElo "1644"]
[WhiteRD "70"]
[BlackElo "1741"]
[BlackRD "47"]
[GameID "335905"]

1. e4 e5 2. Nf3 Nc6 3. Bb5 f5 4. Bxc6 dxc6 5. Nxe5 Qd4 6. Qh5+ g6 7. Nxg6 hxg6 8. Qxg6+ Kd8 9. d3 Ne7 10. Qg5 Bh6
11. Qh4 Bxc1 12. c3 Rxh4 13. cxd4 Bxb2
0-1

[Event "Do it quickly! #5"]
[Site "SchemingMind.com"]
[Date "2013.08.01"]
[Round "-"]
[White "ray winteringham"]
[Black "emvarela"]
[Result "1-0"]
[WhiteCountry "ENG"]
[BlackCountry "ARG"]
[WhiteElo "1575"]
[WhiteRD "50"]
[BlackElo "1731"]
[BlackRD "49"]
[GameID "335906"]

1. d4 Nf6 2. Bg5 e6 3. e4 h6 4. Bh4 g5 5. Bg3 Nxe4 6. Bd3 Nxg3 7. fxg3 Nc6 8. Ne2 Bg7 9. c3 d5 10. O-O O-O
11. Na3 e5 12. dxe5 Nxe5 13. Nd4 Nxd3 14. Qxd3 Be6 15. Nac2 Bxd4+ 16. Nxd4 c5 17. Nf5 c4 18. Nxh6+ Kg7 19. Rxf7+ Bxf7 20. Nf5+ Kh8
21. Qd4+
1-0

[Event "Do it quickly! #5"]
[Site "SchemingMind.com"]
[Date "2013.08.03"]
[Round "-"]
[White "SAMAEL"]
[Black "alexyongpohweng"]
[Result "1-0"]
[WhiteCountry "CAN"]
[BlackCountry "MAS"]
[WhiteElo "1744"]
[WhiteRD "62"]
[BlackElo "1124"]
[BlackRD "81"]
[GameID "336038"]

1. Nf3 d5 2. d4 Nf6 3. e3 a6 4. Nc3 g6 5. h3 Bg7 6. Be2 O-O 7. O-O c6 8. Rb1 a5 9. a3 b5 10. Na2 Bb7
11. Bd2 Ne4 12. Nc3 Nxc3 13. Bxc3 a4 14. Bd2 Na6 15. c3 f6 16. Re1 e6 17. Bd3 f5 18. Nh2 e5 19. Be2 e4 20. Kh1 h6
21. Rg1 Qg5 22. f4 Qe7 23. g4 fxg4 24. Bxg4 h5 25. Be2 Rf6 26. Be1 Qf7 27. Nf1 Kf8 28. Bh4 Rd6 29. Nd2 Nc7 30. Rg2 Ne6
31. Qg1 Ke8 32. Rxg6 Kd7 33. Bxh5 Qg8 34. f5 Nf8 35. Rxg7+
1-0

[Event "Do it quickly! #5"]
[Site "SchemingMind.com"]
[Date "2013.08.03"]
[Round "-"]
[White "SAMAEL"]
[Black "emvarela"]
[Result "0-1"]
[WhiteCountry "CAN"]
[BlackCountry "ARG"]
[WhiteElo "1650"]
[WhiteRD "62"]
[BlackElo "1760"]
[BlackRD "50"]
[GameID "336039"]

1. Nf3 Nf6 2. Nc3 d5 3. d4 Bf5 4. h3 e6 5. e3 Nc6 6. a3 Bd6 7. Be2 h6 8. O-O O-O 9. Bd2 e5 10. dxe5 Nxe5
11. Na2 Nxf3+ 12. Bxf3 c6 13. c3 Ne4 14. Kh1 Qg5 15. Qe2 Nxd2 16. Qxd2 Rad8 17. Nb4 Be4 18. Qe2 Bxf3 19. Qxf3 Bxb4 20. axb4 a6
21. Rfd1 Rd6 22. Rd4 Rf6 23. Qe2 Re8 24. Rad1 Re4 25. Rxe4 dxe4 26. Rf1 Qb5 27. Qxb5 axb5 28. f4 exf3 29. Rxf3 Rxf3 30. gxf3 f6
31. Kg2 Kf7 32. Kg3 Ke6 33. e4 f5 34. h4 fxe4 35. fxe4 Ke5 36. Kf3 g5 37. h5 g4+ 38. Kxg4 Kxe4 39. Kg3 Kf5 40. Kh4 Kf4
41. b3 b6 42. c4 bxc4 43. bxc4 c5 44. b5 Kf5 45. Kg3 Kg5 46. Kf3 Kxh5 47. Kf4 Kh4 48. Ke5 Kg4 49. Kd6 h5 50. Kc6 h4
51. Kxb6 h3 52. Kc7 h2 53. b6 h1=Q 54. b7 Qh7+
0-1

[Event "Do it quickly! #5"]
[Site "SchemingMind.com"]
[Date "2013.08.03"]
[Round "-"]
[White "SAMAEL"]
[Black "Michal Drus"]
[Result "1-0"]
[WhiteCountry "CAN"]
[BlackCountry "POL"]
[WhiteElo "1672"]
[WhiteRD "57"]
[BlackElo "1576"]
[BlackRD "72"]
[GameID "336040"]

1. d4 d5 2. e3 e6 3. Nf3 c5 4. Nc3 Nf6 5. Be2 Nc6 6. O-O Bd6 7. h3 O-O 8. a3 Re8 9. Nb5 Ne4 10. Nxd6 Qxd6
11. c3 e5 12. dxc5 Qxc5 13. Nd2 Ng3 14. fxg3 a6 15. Nf3 Bf5 16. Nh2 Rad8 17. Rxf5 g6 18. Rf1 f5 19. Kh1 d4 20. exd4 exd4
21. Qb3+ Kh8 22. Bf3 Na5 23. Qb4 Qxb4 24. axb4 Nb3 25. Ra3 Nxc1 26. Rxc1 Re7 27. Raa1 g5 28. Rd1 Kg7 29. cxd4 Kg6 30. d5
1-0

[Event "Do it quickly! #5"]
[Site "SchemingMind.com"]
[Date "2013.08.03"]
[Round "-"]
[White "SAMAEL"]
[Black "ray winteringham"]
[Result "1-0"]
[WhiteCountry "CAN"]
[BlackCountry "ENG"]
[WhiteElo "1672"]
[WhiteRD "57"]
[BlackElo "1512"]
[BlackRD "52"]
[GameID "336041"]

1. d4 g6 2. Nf3 Bg7 3. e3 Nf6 4. Be2 d5 5. O-O b6 6. h3 Bb7 7. Nc3 O-O 8. Bd2 Ne4 9. Nxe4 dxe4 10. Nh2 f5
11. Rc1 Nd7 12. b3 Bd5 13. c4 Bb7 14. Qc2 e5 15. Bc3 exd4 16. exd4 a5 17. d5 Re8 18. Bxg7 Kxg7 19. Rfe1 Kg8 20. Bf1 c6
21. dxc6 Bxc6 22. Rcd1 Qg5 23. Qd2 f4 24. Kh1 Rad8 25. Qc3 Nc5 26. Ng4 Rf8 27. Rxd8 Rxd8 28. f3 e3 29. Be2 Rd6 30. Rd1 Re6
31. Qd4 Nd7 32. Qc3 h5 33. Nh2 Qf5 34. Nf1 Nc5 35. Rd8+ Re8 36. Rxe8+ Bxe8 37. Qd4 g5 38. Qd5+ Qxd5 39. cxd5 Kf7 40. g3 Kf6
41. h4 Ke5 42. hxg5 Kf5 43. gxf4 Kxf4 44. Kg2 h4 45. Kh3 Kxg5 46. Nxe3 Bd7+ 47. Kg2 Kf4 48. Nc4 Bb5 49. Kh3 Bxc4 50. Bxc4 Kxf3=
51. Kxh4 Ne4 52. Ba6 Kf4 53. Bd3 Nd6 54. Kh5 Ke5 55. a4 Kxd5 56. Kg4 Kd4 57. Bh7 Kc3 58. Bg8 Ne4 59. Kf4 Nf6 60. Bc4 Kb4=
61. Ke5 Ng4+ 62. Kd6 Ne3 63. Be6 Nf1 64. Kc6 Nd2= 65. Kxb6 Nxb3 66. Bxb3 Kxb3 67. Kxa5 Kc4 68. Kb6 Kd5 69. a5 Kd6 70. a6
1-0

[Event "Do it quickly! #5"]
[Site "SchemingMind.com"]
[Date "2013.08.02"]
[Round "-"]
[White "alexyongpohweng"]
[Black "SAMAEL"]
[Result "0-1"]
[WhiteCountry "MAS"]
[BlackCountry "CAN"]
[WhiteElo "1124"]
[WhiteRD "81"]
[BlackElo "1744"]
[BlackRD "62"]
[GameID "336042"]

1. e4 e5 2. Qh5 d6 3. Bc4 g6 4. Qf3 Qf6 5. Qxf6 Nxf6 6. Nc3 Nc6 7. a3 Bg7 8. Nb5 O-O 9. Nxc7 Rb8 10. d3 Ne8
11. Nd5 Be6 12. Ne7+ Nxe7 13. Bb5 a6 14. Bc4 Bxc4 15. dxc4 Rc8 16. b3 f5 17. exf5 Nxf5 18. Ra2 Nf6 19. Nf3 Ne4 20. O-O Nc3
21. Rb2 e4 22. Ne1 Ne2+ 23. Kh1 Nxc1 24. c3 Nd3 25. Nxd3 exd3 26. Rd2 Bxc3 27. Rxd3 Be5 28. f4 Nd4 29. f5 Nxf5 30. g4 Ng3+
31. hxg3 Rxf1+ 32. Kg2 Rcf8 33. a4 R8f2+
0-1

[Event "Do it quickly! #5"]
[Site "SchemingMind.com"]
[Date "2013.08.03"]
[Round "-"]
[White "emvarela"]
[Black "SAMAEL"]
[Result "0-1"]
[WhiteCountry "ARG"]
[BlackCountry "CAN"]
[WhiteElo "1741"]
[WhiteRD "47"]
[BlackElo "1744"]
[BlackRD "62"]
[GameID "336043"]

1. e4 e5 2. Nf3 Nc6 3. Bb5 d6 4. d4 exd4 5. Nxd4 Bd7 6. Nc3 a6 7. Bxc6 Bxc6 8. O-O Nf6 9. Nxc6 bxc6 10. Bg5 Be7
11. Re1 O-O 12. Qf3 h6 13. Bxf6 Bxf6 14. Rad1 Qb8 15. b3 Qb4 16. Rd3 Rfe8 17. Kf1 Re6 18. Na4 Rae8 19. c3 Qb5 20. Nb2 Bxc3
21. Nc4 Bxe1 22. Kxe1 Rxe4+
0-1

[Event "Do it quickly! #5"]
[Site "SchemingMind.com"]
[Date "2013.08.03"]
[Round "-"]
[White "Michal Drus"]
[Black "SAMAEL"]
[Result "1-0"]
[WhiteCountry "POL"]
[BlackCountry "CAN"]
[WhiteElo "1576"]
[WhiteRD "72"]
[BlackElo "1672"]
[BlackRD "57"]
[GameID "336044"]

1. e4 e5 2. Nf3 Nc6 3. Bb5 d6 4. d4 exd4 5. Nxd4 Bd7 6. Nc3 a6 7. Nxc6 Bxc6 8. Bxc6+ bxc6 9. Bf4 Nf6 10. O-O Be7
11. e5 dxe5 12. Bxe5 O-O 13. Qxd8 Bxd8 14. Rfe1 Re8 15. Bxf6 Bxf6 16. Na4 Kf8 17. c3 Rxe1+ 18. Rxe1 Re8 19. Rxe8+ Kxe8 20. Nc5 a5
21. f4 Ke7 22. Ne4 Ke6 23. Kf2 Be7 24. g4 f5 25. gxf5+ Kxf5 26. Kf3 h6 27. Ng3+ Ke6 28. Ke4 g6 29. h4 Bxh4 30. Ne2 Bf2
31. a4 h5 32. b4 axb4 33. cxb4 h4 34. Kf3 Be1 35. Nd4+ Kd5 36. Nc2 Bd2 37. a5 c5 38. a6 Kc6 39. bxc5 h3 40. Nd4+
1-0

[Event "Do it quickly! #5"]
[Site "SchemingMind.com"]
[Date "2013.08.02"]
[Round "-"]
[White "ray winteringham"]
[Black "SAMAEL"]
[Result "0-1"]
[WhiteCountry "ENG"]
[BlackCountry "CAN"]
[WhiteElo "1537"]
[WhiteRD "50"]
[BlackElo "1744"]
[BlackRD "62"]
[GameID "336045"]

1. e4 e5 2. Nf3 Nc6 3. Nc3 a6 4. Bc4 h6 5. O-O Nf6 6. h3 Be7 7. d3 O-O 8. Be3 d6 9. a3 Bd7 10. Bd5 Rb8
11. Ne2 Be6 12. c4 Qd7 13. b4 b6 14. Qa4 Nd4 15. Qxd7 Nxe2+ 16. Kh1 Bxd7 17. Rfe1 Nc3 18. Bd2 Ncxd5 19. cxd5 Nh7 20. d4 f6
21. dxe5 fxe5 22. Ng1 Rxf2 23. Be3 Rf6 24. Rac1 Rc8 25. Nf3 Bxh3 26. Nh4 Bg4 27. g3 Rcf8 28. Kh2 g5 29. Ng2 Kg7 30. Rxc7 R6f7
31. Rc6 Bd8 32. Rxd6 Bd7 33. Bxb6 Bxb6 34. Rxb6 Rf6 35. Rb7 R8f7 36. Rc1 Bb5 37. Rcc7 Rxc7 38. Rxc7+ Rf7 39. Rxf7+ Kxf7 40. Ne3 Nf6
41. Nf5 Nxe4 42. Nxh6+ Ke7 43. Nf5+ Kd7 44. Ne3 Kd6 45. Kg2 Nc3 46. Kf3 Nxd5 47. Nxd5 Kxd5 48. Ke3 e4 49. g4 Bd7 50. Kf2 Kc4
51. Ke3 Bc6 52. Kd2 Kb3 53. Ke3 Kxa3
0-1

[Event "Do it quickly! #5"]
[Site "SchemingMind.com"]
[Date "2013.08.03"]
[Round "-"]
[White "DefensaSiciliana"]
[Black "alexyongpohweng"]
[Result "0-1"]
[WhiteCountry "ESP"]
[BlackCountry "MAS"]
[WhiteElo "1302"]
[WhiteRD "89"]
[BlackElo "1124"]
[BlackRD "81"]
[GameID "336048"]

1. e4 e5 2. Nf3 d6 3. d4 exd4 4. Nxd4 Nf6 5. Nc3 Be7 6. Be2 O-O 7. O-O a6 8. f4 c5 9. Nb3 b5 10. Be3 b4
11. Nd5 Nxe4 12. Bf3 Nf6 13. Nxe7+ Qxe7 14. Bxa8 Qxe3+ 15. Kh1 Qe6
0-1

[Event "Do it quickly! #5"]
[Site "SchemingMind.com"]
[Date "2013.08.03"]
[Round "-"]
[White "DefensaSiciliana"]
[Black "emvarela"]
[Result "1-0"]
[WhiteCountry "ESP"]
[BlackCountry "ARG"]
[WhiteElo "1514"]
[WhiteRD "79"]
[BlackElo "1767"]
[BlackRD "50"]
[GameID "336049"]

1. e4 e5 2. Nf3 Nc6 3. Bc4 Bc5 4. c3 Nf6 5. d4 exd4 6. cxd4 Bb4+ 7. Nc3 Nxe4 8. O-O Bxc3 9. d5 Ne5 10. bxc3 Nxc4
11. Qd4 Ncd6 12. Qxg7 Qf6 13. Qxf6 Nxf6 14. Re1+ Kf8 15. Bh6+ Kg8 16. Re5
1-0

[Event "Do it quickly! #5"]
[Site "SchemingMind.com"]
[Date "2013.08.02"]
[Round "-"]
[White "DefensaSiciliana"]
[Black "Michal Drus"]
[Result "1-0"]
[WhiteCountry "ESP"]
[BlackCountry "POL"]
[WhiteElo "1514"]
[WhiteRD "79"]
[BlackElo "1576"]
[BlackRD "72"]
[GameID "336050"]

1. e4 c6 2. d4 d5 3. Nc3 dxe4 4. Nxe4 Nf6 5. Nxf6+ exf6 6. c3 Bd6 7. Bd3 Be6 8. Ne2 O-O 9. Nf4 Re8 10. Nxe6 Rxe6+
11. Be2 c5 12. dxc5 Bc7 13. Qxd8+ Bxd8 14. Be3 Nc6 15. O-O-O Re7 16. Bf3 Ne5 17. Be2 Bc7 18. h3 Rd8 19. Rxd8+ Bxd8 20. Rd1 a6
21. Rxd8+
1-0

[Event "Do it quickly! #5"]
[Site "SchemingMind.com"]
[Date "2013.08.02"]
[Round "-"]
[White "DefensaSiciliana"]
[Black "ray winteringham"]
[Result "1-0"]
[WhiteCountry "ESP"]
[BlackCountry "ENG"]
[WhiteElo "1372"]
[WhiteRD "124"]
[BlackElo "1575"]
[BlackRD "50"]
[GameID "336051"]

1. e4 e5 2. Nf3 Nc6 3. d4 exd4 4. Bc4 d6 5. Nxd4 Nf6 6. Nc3 Be6 7. Nxe6 fxe6 8. Bxe6 Qe7 9. Nd5 Nxd5 10. exd5 Nd8
11. O-O c6 12. Re1 Qf6 13. Qg4 Nxe6 14. Rxe6+
1-0

[Event "Do it quickly! #5"]
[Site "SchemingMind.com"]
[Date "2013.08.02"]
[Round "-"]
[White "DefensaSiciliana"]
[Black "SAMAEL"]
[Result "1-0"]
[WhiteCountry "ESP"]
[BlackCountry "CAN"]
[WhiteElo "1514"]
[WhiteRD "79"]
[BlackElo "1672"]
[BlackRD "57"]
[GameID "336052"]

1. e4 e5 2. Nf3 Nc6 3. Nc3 Nf6 4. d4 exd4 5. Nxd4 d6 6. Bb5 Bd7 7. O-O a6 8. Bxc6 Bxc6 9. Nxc6 bxc6 10. Re1 Be7
11. Bf4 O-O 12. e5 Ne8 13. Ne2 dxe5 14. Bxe5 Bf6 15. Qd4 Qxd4 16. Nxd4 Rb8 17. Nxc6 Rb6 18. Bxf6 Nxf6 19. Ne7+ Kh8 20. b3 g6
21. Rad1 Re8 22. Kf1 Kg7 23. Nd5 Rxe1+ 24. Kxe1 Re6+ 25. Ne3 Ng4 26. Ke2 Re7 27. h3 Nxe3 28. fxe3 f5 29. Kf3 Kf6 30. Rd4 h5
31. e4 fxe4+ 32. Rxe4 Rxe4 33. Kxe4 c6 34. b4 g5 35. a4 Ke6 36. c4 Kf6 37. b5 cxb5 38. cxb5 axb5 39. axb5
1-0

[Event "Do it quickly! #5"]
[Site "SchemingMind.com"]
[Date "2013.08.03"]
[Round "-"]
[White "emvarela"]
[Black "DefensaSiciliana"]
[Result "1/2-1/2"]
[WhiteCountry "ARG"]
[BlackCountry "ESP"]
[WhiteElo "1720"]
[WhiteRD "50"]
[BlackElo "1574"]
[BlackRD "84"]
[GameID "336054"]

1. e4 Nf6 2. e5 Nd5 3. d4 d6 4. Nf3 dxe5 5. Nxe5 Bf5 6. c4 Nf6 7. Be3 Nbd7 8. Nxd7 Qxd7 9. Bd3 O-O-O 10. Bxf5 Qxf5
11. Nc3 Qg4 12. Qxg4+ Nxg4 13. h3 Nf6 14. O-O e6 15. Rfd1 Be7 16. Rd3 Rd7 17. Rad1 Rhd8 18. f3 Bb4 19. a3 Bxc3 20. Rxc3 c5
21. Rcd3 a6 22. Kf2 Kc7 23. Ke2 cxd4 24. Rxd4 Rxd4 25. Rxd4 Re8 26. b4 e5 27. Rd2 Nd7 28. Rd5 Nb6 29. Bxb6+ Kxb6 30. g4 Kc6
31. Ke3 b5 32. Rc5+ Kb6 33. cxb5 axb5 34. Ke4 Ra8 35. Rc3 f6 36. f4 exf4 37. Kxf4 g6 38. Re3 Kc6 39. Re6+ Kd5 40. Re3 Ra6
41. h4 h6 42. Rc3 g5+ 43. hxg5 fxg5+ 44. Kf5 Kd4 45. Rc5 Rxa3 46. Rxb5 Rf3+ 47. Kg6 Rg3 48. Kxh6 Rxg4 49. Rxg5 Rxg5 50. Kxg5=
1/2-1/2

[Event "Do it quickly! #5"]
[Site "SchemingMind.com"]
[Date "2013.08.02"]
[Round "-"]
[White "Michal Drus"]
[Black "DefensaSiciliana"]
[Result "0-1"]
[WhiteCountry "POL"]
[BlackCountry "ESP"]
[WhiteElo "1576"]
[WhiteRD "72"]
[BlackElo "1514"]
[BlackRD "79"]
[GameID "336055"]

1. e4 Nf6 2. e5 Nd5 3. d4 d6 4. c4 Nb6 5. f4 dxe5 6. fxe5 Nc6 7. Be3 Bf5 8. Nc3 e6 9. Nf3 Qd7 10. c5 Nd5
11. Nb5 Nxe3 12. Qe2 Nd5 13. a3 Be7 14. O-O-O O-O-O 15. Qd2 a6 16. Ng5 Bxg5 17. Qxg5 axb5 18. Bxb5 Nde7 19. Qxg7 Qd5 20. Qxf7 Qb3
0-1

[Event "Do it quickly! #5"]
[Site "SchemingMind.com"]
[Date "2013.08.02"]
[Round "-"]
[White "ray winteringham"]
[Black "DefensaSiciliana"]
[Result "1-0"]
[WhiteCountry "ENG"]
[BlackCountry "ESP"]
[WhiteElo "1512"]
[WhiteRD "52"]
[BlackElo "1514"]
[BlackRD "79"]
[GameID "336056"]

1. d4 d5 2. c4 c6 3. Nf3 Nf6 4. h3 dxc4 5. e3 e6 6. Bxc4 a6 7. O-O c5 8. Nc3 b5 9. Bd3 Bb7 10. a4 b4
11. Ne2 Bxf3 12. gxf3 Nc6 13. dxc5 Ne5 14. Bc2 Nxf3+ 15. Kg2 Nh4+ 16. Kh2 Bxc5 17. Ng3 Qxd1 18. Bxd1 Bd6 19. f4 Nf5 20. Rg1 Nxg3
21. Rxg3 g6 22. Bc2 O-O 23. b3 Be7 24. e4 Rac8 25. Bd3 Rfd8 26. Bxa6
1-0

[Event "Do it quickly! #5"]
[Site "SchemingMind.com"]
[Date "2013.08.02"]
[Round "-"]
[White "SAMAEL"]
[Black "DefensaSiciliana"]
[Result "0-1"]
[WhiteCountry "CAN"]
[BlackCountry "ESP"]
[WhiteElo "1672"]
[WhiteRD "57"]
[BlackElo "1514"]
[BlackRD "79"]
[GameID "336057"]

1. c4 e6 2. d3 d5 3. cxd5 exd5 4. h3 Nf6 5. Nf3 d4 6. g3 c5 7. Bg2 Nc6 8. Bf4 Bd6 9. Bxd6 Qxd6 10. O-O O-O
11. Nbd2 Re8 12. Nc4 Qe7 13. Re1 Be6 14. b3 b5 15. Nb2 Bd5 16. e4 dxe3 17. Rxe3 Qb7 18. Rxe8+ Rxe8 19. Qd2 Nb4 20. Ne1 Bxg2
21. Nxg2 Qd5 22. Qc3 Nd7 23. a3 Nc6 24. Re1 Rxe1+ 25. Nxe1 Nd4 26. b4 Ne2+
0-1